Central Library OPAC University of Rajshahi

Man and sea warfare : (Record no. 68367)

MARC details
000 -LEADER
fixed length control field 00874nam a2200253 a 4500
001 - CONTROL NUMBER
control field 68367
003 - CONTROL NUMBER IDENTIFIER
rucl marc code BD-RjUL
005 - DATE AND TIME OF LATEST TRANSACTION
control field 20211209081748.0
008 - FIXED-LENGTH DATA ELEMENTS--GENERAL INFORMATION
fixed length control field 170402s1978 ru a b 000 0 eng d
035 ## - SYSTEM CONTROL NUMBER
System control number (BD-RjUL)68577
040 ## - CATALOGING SOURCE
Original cataloging agency DLC
Transcribing agency DLC
Modifying agency DLC
-- (BD-RjUL)
Language of cataloging eng
041 1# - LANGUAGE CODE
Language code of text/sound track or separate title engrus
082 00 - DEWEY DECIMAL CLASSIFICATION NUMBER
Edition number 23
Classification number 359.071047
Author mark and year MAN 1978
245 00 - TITLE STATEMENT
Title Man and sea warfare :
Remainder of title (the training of Soviet navy personnel) /
Statement of responsibility, etc. [translated by Yuri Sviridov]
260 ## - PUBLICATION, DISTRIBUTION, ETC. (IMPRINT)
Place of publication, distribution, etc. Moscow :
Name of publisher, distributor, etc. Progress Publishers,
Date of publication, distribution, etc. 1978.
300 ## - PHYSICAL DESCRIPTION
Pagination 225 p. :
Illustrations ill. ;
Size 17 cm.
504 ## - BIBLIOGRAPHY, ETC. NOTE
Bibliography, etc Includes bibliographical references.
610 10 - SUBJECT ADDED ENTRY--CORPORATE NAME
Corporate name or jurisdiction name as entry element Soviet Union.
Subordinate unit Voenno-Morskoĭ Flot
650 #0 - SUBJECT ADDED ENTRY--TOPICAL TERM
Topical term or geographic name as entry element Naval education
Geographic subdivision Soviet Union.
9 (RLIN) 202689
Topical term or geographic name as entry element Soldiers
General subdivision Education, Non-military
Geographic subdivision Soviet Union.
9 (RLIN) 202690
Topical term or geographic name as entry element Psychology, Military.
9 (RLIN) 202691
700 ## - ADDED ENTRY--PERSONAL NAME
Personal name Sviridov, Yuri
942 ## - ADDED ENTRY ELEMENTS (KOHA)
Source of classification or shelving scheme Dewey Decimal Classification
Koha item type Books
Holdings
Lost status Source of classification or shelving scheme Damaged status Not for loan Collection code Permanent Location Current Location Shelving location Date acquired Source of acquisition Total Checkouts Full call number Date last seen Copy number Koha item type
  Dewey Decimal Classification   Not For Loan Non-fiction Central Library, University of Rajshahi Central Library, University of Rajshahi Reading Room 24/03/1980 Asia Foundation   359.071047 MAN 1978 02/04/2017 C-1 Books